000 00629nam a2200241Ia 4500
003 OSt
005 20221005025644.0
006 a|||||r|||| 00| 0
007 ta
008 221004b |||||||| |||| 00| 0 eng d
024 _a68568
037 _cTextual
040 _aCRL
_cCRL
_beng
041 _2eng
_aeng
082 _aX:91, M3
100 _aHubbard L Ron
245 0 _aProblems of work
_b How to solve that and succeed
260 _aCalifornia
_bBridge Publications
_c1983
300 _a180p
_ccm.
650 _aECONOMICS
942 _hX:91, M3
_cTEXL
_2cc
999 _c935058
_d935058